000
00259nam a2200109Ia 4500
008
240625s9999 xx 000 0 und d
041
_a
eng
082
_a
420 MCB
100
_a
MCBRIDE EDWARD J
245
_a
DOWNTOWN 4 ENGLISH FOR WORK AND LIFE
260
_c
2006
999
_c
34155
_d
34155